| 000 | 05320nam a22004337a 4500 | ||
|---|---|---|---|
| 005 | 2012010606096.0 | ||
| 010 | _aB-474931-949 | ||
| 020 |
_a9788192033129 _c200.00 |
||
| 035 | _aB-474931-949 | ||
| 037 | _bब्लूबेरी बुक्स | ||
| 082 | _aक | ||
| 100 |
_aमुकेश 'नादान' _950472 |
||
| 245 |
_aवीरबाला लक्ष्मीबाई / _cमुकेश 'नादान' |
||
| 260 |
_aनई दिल्ली _bउत्कृष्ट साहित्य सदन _c2011 |
||
| 270 |
_a6/7 श्याम भवन, एन. एस. मार्ग, दरियागंज _bनई दिल्ली _e110002 |
||
| 300 |
_a80पृ. _bसचित्र _c24सेमी (सजिल्द) |
||
| 942 |
_2ddc _cCH _hक _mमुकेश |
||
| 999 |
_c60452 _d60452 |
||